Statistics for 3 Smallest Countries per Letter

Click here to take the quiz!

General Stats

  • This quiz has been taken 217 times
    (213 since last reset)
  • The average score is 41 of 65

Answer Stats

HintAnswer% Correct
AAndorra
93%
YYemen
93%
OOman
88%
QQatar
88%
VVatican City
88%
FFiji
85%
LLuxembourg
85%
ZZambia
85%
LLiechtenstein
83%
HHaiti
82%
MMonaco
82%
ZZimbabwe
82%
NNauru
81%
AAntigua and Barbuda
79%
SSaint Kitts and Nevis
79%
VVanuatu
79%
KKiribati
78%
SSan Marino
78%
PPalau
76%
SSaint Vincent and the Grenadines
76%
DDjibouti
75%
HHonduras
75%
JJamaica
75%
BBarbados
74%
TTuvalu
74%
CComoros
70%
KKuwait
69%
RRwanda
68%
JJordan
67%
IIceland
66%
BBrunei
65%
GGrenada
65%
FFederated States of Micronesia
64%
TTonga
64%
BBahrain
63%
DDominica
63%
IIreland
62%
IIsrael
62%
UUruguay
62%
MMarshall Islands
61%
UUganda
61%
KKosovo
60%
DDenmark
59%
EEast Timor
59%
JJapan
58%
MMaldives
54%
UUnited Arab Emirates
54%
HHungary
53%
CCape Verde
51%
TTrinidad and Tobago
49%
EEl Salvador
47%
EEquatorial Guinea
46%
FFinland
46%
GGambia
45%
GGuinea Bissau
44%
VVenezuela
44%
RRomania
40%
AAlbania
38%
CCyprus
38%
PPanama
38%
LLebanon
34%
NNetherlands
29%
PPortugal
29%
RRepublic of the Congo
24%
NNorth Korea
23%

Score Distribution

Percentile by Number Answered

Percent of People with Each Score

Your Score History

You have not taken this quiz since the last reset